000 00348 a2200169 4500
001 182443
020 _a
040 _cMagnum
100 _aMelo Neto, Joao Cabral de
240 1 0 _aAuto do frade
_lpor
245 1 0 _aAuto do frade
300 _a107
362 0 _a1984
440 1 _aNova Fronteira
697 _aLITERATURA GERAL
942 _cBK
999 _c182443
_d182443